<?xml version="1.0" encoding="UTF-8"?>
<collection xmlns="http://www.loc.gov/MARC21/slim">
 <record>
  <leader>01029nab a2200301 i 4500</leader>
  <controlfield tag="001">publ24403</controlfield>
  <controlfield tag="005">20220523145403.0</controlfield>
  <controlfield tag="008">220523s2022    hu      o     0||   Angol d</controlfield>
  <datafield tag="022" ind1=" " ind2=" ">
   <subfield code="a">2296-875X</subfield>
  </datafield>
  <datafield tag="024" ind1="7" ind2=" ">
   <subfield code="a">10.3389/fsurg.2022.883322</subfield>
   <subfield code="2">doi</subfield>
  </datafield>
  <datafield tag="024" ind1="7" ind2=" ">
   <subfield code="a">32837727</subfield>
   <subfield code="2">mtmt</subfield>
  </datafield>
  <datafield tag="040" ind1=" " ind2=" ">
   <subfield code="a">SZTE Publicatio Repozitórium</subfield>
   <subfield code="b">hun</subfield>
  </datafield>
  <datafield tag="041" ind1=" " ind2=" ">
   <subfield code="a">Angol</subfield>
  </datafield>
  <datafield tag="100" ind1="1" ind2=" ">
   <subfield code="a">Furák József</subfield>
  </datafield>
  <datafield tag="245" ind1="1" ind2="0">
   <subfield code="a">Perioperative Systemic Inflammation in Lung Cancer Surgery</subfield>
   <subfield code="h">[elektronikus dokumentum] /</subfield>
   <subfield code="c"> Furák József</subfield>
  </datafield>
  <datafield tag="260" ind1=" " ind2=" ">
   <subfield code="c">2022</subfield>
  </datafield>
  <datafield tag="300" ind1=" " ind2=" ">
   <subfield code="a">Terjedelem: 7-Azonosító: 883322</subfield>
  </datafield>
  <datafield tag="490" ind1="0" ind2=" ">
   <subfield code="a">FRONTIERS IN SURGERY</subfield>
   <subfield code="v">9</subfield>
  </datafield>
  <datafield tag="650" ind1=" " ind2="4">
   <subfield code="a">Klinikai orvostan</subfield>
  </datafield>
  <datafield tag="700" ind1="0" ind2="1">
   <subfield code="a">Németh Tibor</subfield>
   <subfield code="e">aut</subfield>
  </datafield>
  <datafield tag="700" ind1="0" ind2="1">
   <subfield code="a">Lantos Judit</subfield>
   <subfield code="e">aut</subfield>
  </datafield>
  <datafield tag="700" ind1="0" ind2="1">
   <subfield code="a">Fabó Csongor</subfield>
   <subfield code="e">aut</subfield>
  </datafield>
  <datafield tag="700" ind1="0" ind2="1">
   <subfield code="a">Géczi Tibor</subfield>
   <subfield code="e">aut</subfield>
  </datafield>
  <datafield tag="700" ind1="0" ind2="2">
   <subfield code="a">Zombori- Tóth Noémi</subfield>
   <subfield code="e">aut</subfield>
  </datafield>
  <datafield tag="700" ind1="0" ind2="2">
   <subfield code="a">Paróczai Dóra</subfield>
   <subfield code="e">aut</subfield>
  </datafield>
  <datafield tag="700" ind1="0" ind2="2">
   <subfield code="a">Szántó Zalán</subfield>
   <subfield code="e">aut</subfield>
  </datafield>
  <datafield tag="700" ind1="0" ind2="2">
   <subfield code="a">Szab Zsolt</subfield>
   <subfield code="e">aut</subfield>
  </datafield>
  <datafield tag="856" ind1="4" ind2="0">
   <subfield code="u">http://publicatio.bibl.u-szeged.hu/24403/1/Perioperative_Systemic_Inflammation_in_Lung_Cancer.pdf</subfield>
   <subfield code="z">Dokumentum-elérés </subfield>
  </datafield>
 </record>
</collection>
